000 00275nam a2200109Ia 4500
008 200302s9999 xx 000 0 und d
100 _aGabrielle Van Zuylen
245 _aThe Garden Visions Of Paradise
260 _bThames and Hudson, London
260 _c1995
300 _a175 P
999 _c4909
_d4909